<?xml version="1.0" encoding="UTF-8"?>
<record
    xmlns:xsi="http://www.w3.org/2001/XMLSchema-instance"
    xsi:schemaLocation="http://www.loc.gov/MARC21/slim http://www.loc.gov/standards/marcxml/schema/MARC21slim.xsd"
    xmlns="http://www.loc.gov/MARC21/slim">

  <leader>06758nab a2200577   4500</leader>
  <controlfield tag="003">AR-RoUNA</controlfield>
  <controlfield tag="005">20250724100545.0</controlfield>
  <controlfield tag="008">250703b1979    |||||||| |||| 00| 0 spa d</controlfield>
  <datafield tag="040" ind1=" " ind2=" ">
    <subfield code="a">AR-RoUNA</subfield>
    <subfield code="d">AR-RoUNA</subfield>
    <subfield code="b">spa</subfield>
  </datafield>
  <datafield tag="041" ind1=" " ind2=" ">
    <subfield code="a">fre</subfield>
  </datafield>
  <datafield tag="044" ind1=" " ind2=" ">
    <subfield code="a">ag</subfield>
  </datafield>
  <datafield tag="110" ind1="2" ind2=" ">
    <subfield code="a">UNESCO (Organizaci&#xF3;n de las Naciones Unidas para la Educaci&#xF3;n, la Ciencia y la Cultura)</subfield>
    <subfield code="9">27014</subfield>
  </datafield>
  <datafield tag="245" ind1=" " ind2=" ">
    <subfield code="a">Groupe d'experts sur le projet 4: impact des activit&#xE9;s humaines sur la dynamique des ecosyst&#xE8;mes es zones arides et semi-arides, et en particulier effets de l'irrigation. Paris, 18-20 mars 1975. Rapport final</subfield>
  </datafield>
  <datafield tag="246" ind1=" " ind2=" ">
    <subfield code="a">Grupo de expertos sobre el Proyecto 4: Impacto de las actividades humanas en la din&#xE1;mica de los ecosistemas en zonas &#xE1;ridas y semi&#xE1;ridas, y en particular los efectos del riego. Paris 18-20 demarzo 1975. Reporte Final.</subfield>
  </datafield>
  <datafield tag="260" ind1=" " ind2=" ">
    <subfield code="a">Par&#xED;s (Francia) :</subfield>
    <subfield code="b">Oficina Regional de ciencia y Tecnologia de la  UNESCO para Am&#xE9;rica Latina y el Caribe (ROSTLAC),</subfield>
    <subfield code="c">1975.</subfield>
  </datafield>
  <datafield tag="300" ind1=" " ind2=" ">
    <subfield code="a">49 p.:</subfield>
    <subfield code="c">27x21 cm.</subfield>
  </datafield>
  <datafield tag="490" ind1=" " ind2=" ">
    <subfield code="a">Programa sobre el Hombre y la Biosfera (MAB)</subfield>
    <subfield code="n">N&#xBA; 29</subfield>
  </datafield>
  <datafield tag="505" ind1="0" ind2=" ">
    <subfield code="t">INDICE</subfield>
  </datafield>
  <datafield tag="505" ind1="0" ind2=" ">
    <subfield code="t">RESUMEN</subfield>
  </datafield>
  <datafield tag="505" ind1="0" ind2=" ">
    <subfield code="t">1.  INTRODUCCION</subfield>
  </datafield>
  <datafield tag="505" ind1="0" ind2=" ">
    <subfield code="t">2. LOS EFECTOS DEL RIEGO POR EL HOMBRE</subfield>
  </datafield>
  <datafield tag="505" ind1="0" ind2=" ">
    <subfield code="a">2.1. Impactos en el r&#xE9;gimen hidrol&#xF3;gico. p. 10</subfield>
  </datafield>
  <datafield tag="505" ind1="0" ind2=" ">
    <subfield code="a">2.2. Impactos en la ecolog&#xED;a y el uso del suelo. p. 12</subfield>
  </datafield>
  <datafield tag="505" ind1="0" ind2=" ">
    <subfield code="a">2.3. Impactos sobre el suelo y sobre las condiciones atmosf&#xE9;ricas. p. 15


</subfield>
  </datafield>
  <datafield tag="505" ind1="0" ind2=" ">
    <subfield code="a">2.4. Impactos en la flora y la fauna. p. 17</subfield>
  </datafield>
  <datafield tag="505" ind1="0" ind2=" ">
    <subfield code="a">2.5. Impactos en la poblaci&#xF3;n. p. 18</subfield>
  </datafield>
  <datafield tag="505" ind1="0" ind2=" ">
    <subfield code="t">3. SUGERENCIAS PARA ORIENTACIONES DE INVESTIGACI&#xD3;N

</subfield>
  </datafield>
  <datafield tag="505" ind1="0" ind2=" ">
    <subfield code="a">3.1. Determinaci&#xF3;n y an&#xE1;lisis de las consecuencias perjudiciales de los grandes proyectos de riego existentes. p. 22

</subfield>
  </datafield>
  <datafield tag="505" ind1="0" ind2=" ">
    <subfield code="a">3.2. Observaci&#xF3;n sistem&#xE1;tica y continua de los cambios en los diversos elementos ambientales en los sitios de nuevos proyectos de riego. p. 24

</subfield>
  </datafield>
  <datafield tag="505" ind1="0" ind2=" ">
    <subfield code="a">3.3. Estudio detallado de los problemas espec&#xED;ficos de las zonas de regad&#xED;o aisladas y peque&#xF1;as. p. 27</subfield>
  </datafield>
  <datafield tag="505" ind1="0" ind2=" ">
    <subfield code="t">4. SUGERENCIAS PARA LA EJECUCI&#xD3;N DE PROYECTOS</subfield>
  </datafield>
  <datafield tag="505" ind1="0" ind2=" ">
    <subfield code="a">4.1. &#xC1;reas de investigaci&#xF3;n. p. 30
</subfield>
  </datafield>
  <datafield tag="505" ind1="0" ind2=" ">
    <subfield code="a"> 4.2. Necesidades y recursos disponibles en materia de cooperaci&#xF3;n, intercambio de informaci&#xF3;n y formaci&#xF3;n. p. 30</subfield>
  </datafield>
  <datafield tag="505" ind1="0" ind2=" ">
    <subfield code="a">4.3. Primer ejemplo de cooperaci&#xF3;n regional. p. 31
</subfield>
  </datafield>
  <datafield tag="505" ind1="0" ind2=" ">
    <subfield code="t">5. RELACIONES CON OTRAS ORGANIZACIONES Y PROGRAMAS INTERNACIONALES

</subfield>
  </datafield>
  <datafield tag="505" ind1="0" ind2=" ">
    <subfield code="a">5.1. Organizaci&#xF3;n de las Naciones Unidas para la Alimentaci&#xF3;n y la Agricultura (FAO). p. 32</subfield>
  </datafield>
  <datafield tag="505" ind1="0" ind2=" ">
    <subfield code="a">5.2. Organizaci&#xF3;n Mundial de la Salud (OMS). p. 33</subfield>
  </datafield>
  <datafield tag="505" ind1="0" ind2=" ">
    <subfield code="a">5.3. Organizaci&#xF3;n Meteorol&#xF3;gica Mundial (OMM). p. 34

</subfield>
  </datafield>
  <datafield tag="505" ind1="0" ind2=" ">
    <subfield code="t">ANEXO 1 : Lista de participantes. p. 37</subfield>
  </datafield>
  <datafield tag="505" ind1="0" ind2=" ">
    <subfield code="t">ANEXO 2 : Transformaciones econ&#xF3;micas y sociales debido a nuevos proyectos de riego. p. 38</subfield>
  </datafield>
  <datafield tag="505" ind1="0" ind2=" ">
    <subfield code="t">ANEXO 3 : Problemas de adaptaci&#xF3;n biol&#xF3;gica en relaci&#xF3;n con el riego. p. 40</subfield>
  </datafield>
  <datafield tag="505" ind1="0" ind2=" ">
    <subfield code="t">ANEXO 4: Aspectos sanitarios del riego. p. 42</subfield>
  </datafield>
  <datafield tag="505" ind1="0" ind2=" ">
    <subfield code="t"> ANEXO 5: Principales intervenciones en el desarrollo de nuevos proyectos de riego y sus posibles impactos ambientales. p. 47</subfield>
  </datafield>
  <datafield tag="520" ind1="3" ind2=" ">
    <subfield code="a">Este informe presenta las opiniones y recomendaciones de una reuni&#xF3;n de un grupo de expertos del Proyecto MAB 4. Esta reuni&#xF3;n fue organizada por la UNESCO, en cooperaci&#xF3;n con la FAO, la OMM, el PNUE y el CIUC. Su principal objetivo fue formular, en el contexto del Proyecto 4, un programa internacional de investigaci&#xF3;n sobre los efectos del riego en los ecosistemas de zonas &#xE1;ridas y semi&#xE1;ridas. Sin embargo, no se excluyeron otras regiones del mundo donde el riego provoca cambios ecol&#xF3;gicos. Se consideraron los impactos del riego sobre diversos elementos de los ecosistemas &#xE1;ridos y semi&#xE1;ridos, incluidos los impactos sobre el r&#xE9;gimen hidrol&#xF3;gico, la ecolog&#xED;a y el uso de la tierra, las condiciones del suelo y la atm&#xF3;sfera, la flora y la fauna, y la poblaci&#xF3;n. 
Se consideran los impactos del riego en el r&#xE9;gimen hidrol&#xF3;gico en tres situaciones principales: la zona de captaci&#xF3;n de agua, la zona de riego y las zonas adyacentes a la zona de riego. Tambi&#xE9;n se consideran los problemas espec&#xED;ficos que deben abordarse. El debate sobre los impactos del riego en la ecolog&#xED;a y el uso de la tierra se centra en los puntos siguientes: la distinci&#xF3;n entre riego "ocasional" e riego "regular", las disparidades entre el sector ganadero tradicional y el sector irrigado privilegiado en la econom&#xED;a de un pa&#xED;s en desarrollo, los diversos modos de utilizaci&#xF3;n de los recursos h&#xED;dricos proporcionados por el riego y el concepto de "cultivo irrigado". Los impactos del riego en las condiciones ed&#xE1;ficas y atmosf&#xE9;ricas se abordan mediante el estudio de la influencia disruptiva de grandes cantidades de agua, lo que exige especial cuidado en la elecci&#xF3;n de los m&#xE9;todos de cultivo del suelo. Estos efectos tambi&#xE9;n se manifiestan en las interrelaciones entre las transformaciones biol&#xF3;gicas, las aguas subterr&#xE1;neas y el clima. La discusi&#xF3;n de los impactos sobre la flora y la fauna se relaciona con los efectos de la extracci&#xF3;n de agua de los r&#xED;os y los de la introducci&#xF3;n de nueva flora en &#xE1;reas irrigadas. Varios problemas relacionados con el impacto en las poblaciones humanas est&#xE1;n directamente relacionados con el riego, especialmente en regiones muy c&#xE1;lidas. Estos problemas se relacionan con la salud y la migraci&#xF3;n de la poblaci&#xF3;n, incluyendo el abandono y el crecimiento de los asentamientos humanos, las transformaciones socioecon&#xF3;micas y las perturbaciones del orden social. Estos problemas deben compensarse, naturalmente, con los beneficios evidentes del riego, como el aumento de la producci&#xF3;n agr&#xED;cola y la consiguiente mejora del nivel de vida. El examen de estos temas lleva a sugerir que el Proyecto MAB 4 se centre en los siguientes temas: (1): Determinaci&#xF3;n y an&#xE1;lisis de las consecuencias nocivas de los proyectos de riego a gran escala, a partir de estudios realizados en zonas hist&#xF3;ricamente sometidas al riego, y donde es posible reconstruir la evoluci&#xF3;n del medio natural hasta su estado actual. (2): Observaci&#xF3;n sistem&#xE1;tica continua y de las diversas transformaciones que ocurren en el medio ambiente en los sitios de nuevos proyectos de riego. (3): Estudio detallado de los problemas espec&#xED;ficos de las zonas irrigadas aisladas y de peque&#xF1;as dimensiones, en particular en los peque&#xF1;os ecosistemas con l&#xED;mites bien definidos, que son a la vez lugares de parada y, desde el punto de vista agron&#xF3;mico, invernaderos. 

</subfield>
  </datafield>
  <datafield tag="650" ind1=" " ind2="4">
    <subfield code="a">Medio ambiente</subfield>
  </datafield>
  <datafield tag="650" ind1=" " ind2="4">
    <subfield code="a">Ecolog&#xED;a</subfield>
  </datafield>
  <datafield tag="908" ind1=" " ind2=" ">
    <subfield code="a">Imp</subfield>
  </datafield>
  <datafield tag="942" ind1=" " ind2=" ">
    <subfield code="2">udc</subfield>
  </datafield>
  <datafield tag="945" ind1=" " ind2=" ">
    <subfield code="d">2025-07-03</subfield>
  </datafield>
  <datafield tag="980" ind1=" " ind2=" ">
    <subfield code="6">5</subfield>
    <subfield code="a">Mar&#xED;a Machado</subfield>
    <subfield code="8">5</subfield>
    <subfield code="g">Mar&#xED;a Machado</subfield>
  </datafield>
  <datafield tag="999" ind1=" " ind2=" ">
    <subfield code="c">12050</subfield>
    <subfield code="d">12050</subfield>
  </datafield>
  <datafield tag="952" ind1=" " ind2=" ">
    <subfield code="0">0</subfield>
    <subfield code="1">0</subfield>
    <subfield code="2">udc</subfield>
    <subfield code="4">0</subfield>
    <subfield code="7">0</subfield>
    <subfield code="a">CEAH</subfield>
    <subfield code="b">CEAH</subfield>
    <subfield code="d">2025-07-23</subfield>
    <subfield code="l">0</subfield>
    <subfield code="p">CEAH-00177</subfield>
    <subfield code="t">ej. 1</subfield>
    <subfield code="y">ART</subfield>
    <subfield code="x"></subfield>
  </datafield>
</record>
